Loading...
| MB | 0 | 3 | 0 | 0 | 30 | 101 | 108.00 | 2 | 3 | 0.00 | 0.00 |
| AG | 0 | 2 | 0 | 0 | 20 | 104 | 115.00 | 0 | 2 | 0.00 | 0.00 |
| BB | 0 | 1 | 0 | 1 | 10 | 121 | 121.00 | 1 | 1 | 0.00 | 0.00 |
| DM | 0 | 1 | 0 | 0 | 10 | 95 | 95.00 | 0 | 1 | 0.00 | 0.00 |
| KD | 0 | 1 | 0 | 0 | 10 | 109 | 109.00 | 0 | 1 | 0.00 | 0.00 |
| RC | 0 | 1 | 0 | 1 | 10 | 137 | 137.00 | 0 | 1 | 0.00 | 0.00 |
| RC> | 0 | 1 | 0 | 0 | 10 | 137 | 137.00 | 0 | 1 | 0.00 | 0.00 |
| TR | 0 | 1 | 0 | 0 | 10 | 98 | 98.00 | 0 | 1 | 0.00 | 0.00 |
| AR | 0 | 1 | 0 | 0 | 10 | 115 | 115.00 | 0 | 1 | 0.00 | 0.00 |
| DM | Art Blakey | 10 | 95 |
| TR | playing board games | 10 | 98 |
| MB | baldness | 10 | 101 |
| MB | Avicenna | 10 | 104 |
| AG | Lola | 10 | 104 |
| KD | William Faulkner | 10 | 109 |
| AR | spiders | 10 | 115 |
| MB | queen of Egypt | 10 | 119 |
| BB | coexistence | 10 | 121 |
| AG | Frantz Fanon | 10 | 126 |